Представление документа в формате RUSMARC

ПолеНазваниеЗначение
  Тип записи a
  Библиографический уровень m
001 Контрольный номер 5f0edd1831374107af64d609724d7ee1
005 Дата корректировки 20140729143410.8
010 Индекс ISBN __
a ISBN 5-7990-0261-Х
200 Заглавие и сведения об ответственности 1_
a Заглавие Финансово-экономическое состояние предприятия
e Сведения, относящиеся к заглавию Практ.пособие
f Первые сведения об ответственности Быкадоров В.Л., Алексеев П.Д.
210 Выходные данные 1_
a Место издания М.
c Издательство ПРИОР:Эксперт.бюро
d Дата издания 2000
215 Физическое описание __
a Объем 96 с.
300 Общие примечания __
a Общие примечания 3экз.
610 Ключевые слова 0_
a Ключевые слова финансы
610 Ключевые слова 0_
a Ключевые слова финансы предприятий
686 Индексы других классификаций __
a Классификационный индекс 65.9(2)26
2 Код системы rubbk
686 Индексы других классификаций __
a Классификационный индекс 65.9(2)261.9
2 Код системы rubbk
700 Автор _1
a Фамилия Быкадоров В.Л.
701 Альтернативная интеллектуальная ответственность _1
a Фамилия Алексеев П.Д.
801 Источник записи _0
a Страна RU
b Организация РУК
c Дата составления 20010528
g Правила каталогизации PSBO
801 Источник записи _1
a Страна RU
b Организация РУК
c Дата составления 20010528
g Правила каталогизации PSBO
852 Данные о местонахождении __
i Авторский знак Б 95
j Шифр хранения ББК 65.9(2)26
901 Тип документа __
t Тип документа m
938 Служебная информация __
a Название организации Головной вуз
b Имя БД BOOK
c Название АИБС АИБС ИРБИС